Loading...
Fine Arts - Classical Music | 8 | 15.00 | 100% | 38% | 13% |
Fine Arts - Other Fine Arts | 5 | 16.00 | 100% | 20% | 40% |
Fine Arts - Visual Fine Arts | 5 | 18.00 | 100% | 40% | 40% |
Geography/Current Events | 2 | 15.00 | 100% | 50% | 0% |
History - American History | 7 | 18.57 | 100% | 71% | 14% |
History - European History | 4 | 17.50 | 100% | 75% | 0% |
History - Other History | 7 | 18.57 | 100% | 71% | 14% |
History - World History | 5 | 20.00 | 80% | 80% | 40% |
Literature - American Literature | 6 | 23.33 | 100% | 83% | 50% |
Literature - British Literature | 8 | 26.25 | 100% | 88% | 75% |
Literature - European Literature | 5 | 20.00 | 100% | 100% | 0% |
Literature - World/Other Literature | 7 | 24.29 | 100% | 86% | 57% |
Mythology | 7 | 25.71 | 100% | 86% | 71% |
Other Academic | 2 | 15.00 | 100% | 50% | 0% |
Philosophy | 5 | 14.00 | 80% | 60% | 0% |
Pop Culture | 1 | 30.00 | 100% | 100% | 100% |
Religion | 8 | 13.75 | 100% | 25% | 13% |
Science - Biology | 6 | 11.67 | 83% | 33% | 0% |
Science - Chemistry | 8 | 12.50 | 88% | 38% | 0% |
Science - Other Science | 5 | 16.00 | 100% | 40% | 20% |
Science - Physics | 5 | 16.00 | 100% | 60% | 0% |
Social Science | 6 | 13.33 | 100% | 17% | 17% |
World/Other Literature> | 1 | 30.00 | 100% | 100% | 100% |